000 00790nab a22002417a 4500
001 08761
003 HDC
007 cr bn ---aaaaa
008 210128c20161205my ||||| |||| 00| 0 may d
040 _aHDC
100 _aMaisarah sheikh rahim,
_eauthor
_98773
245 0 _aMAHA bukti komitmen bangunkan pertanian - PM /
_cMaisarah sheikh rahim
336 _atext
_2rdacontent
337 _acomputer
_2rdamedia
338 _aonline resource
_2rdacarrier
650 _aAgriculture
_91238
650 _aEntrepreneurship
_9209
710 _aUtusan Malaysia
856 _zRequest full-text at [email protected]
942 _2lcc
942 _cNEWS
942 _kNWSC 002181
999 _c6084
_d6084